| 000 | 00446nam a2200193Ia 4500 | ||
|---|---|---|---|
| 008 | 151119s9999||||xx |||||||||||||| ||und|| | ||
| 082 | _a823Ede/Eat | ||
| 082 | _bGKKV32539 | ||
| 100 | _aEdell Dean | ||
| 245 | _aEat Drink & Be Merry | ||
| 260 | _aNew York | ||
| 260 | _bQuill | ||
| 260 | _c2013 | ||
| 600 | _aEdell Dean | ||
| 630 | _aEat Drink & Be Merry | ||
| 700 | _aEdell Dean | ||
| 730 | _aEat Drink & Be Merry | ||
| 942 | _cBOOK | ||
| 999 |
_c1084842 _d1084839 |
||